Normal view
MARC view
- NS SYED ASHFAQ HUSNAIN
Entry Personal Name
001 - CONTROL NUMBER
- control field: 69964
003 - CONTROL NUMBER IDENTIFIER
- control field: NUST
005 - DATE AND TIME OF LATEST TRANSACTION
- control field: 20210628204335.0
008 - FIXED-LENGTH DATA ELEMENTS
- fixed length control field: 210628|| aca||aabn | a|a d
040 ## - CATALOGING SOURCE
- Original cataloging agency: NUST
- Transcribing agency: NUST
100 ## - HEADING--PERSONAL NAME
- Personal name: NS SYED ASHFAQ HUSNAIN
670 ## - SOURCE DATA FOUND
- Source citation: Work cat.: (NUST): NS SYED ASHFAQ HUSNAIN, TH-SOF-1359-IMPACT OF EMPLOYEE EMOTIONAL INTELLIGENCE (EI) ON AFFECTIVE COMMITMENT (AC) AND ORGANIZATIONAL CITIZENSHIP BEHAVIOR (OCB) IN PAKISTAN A MEDIATING ROLE OF EMPLOYEE SATISFACTION, 2107
